00526nab a2200169 uc450000100070000000500170000700800410002403500110006503500210007604000130009704100080011010000420011824500320016065000290019265000370022177300980025837227220240201130907.0990421e19980701 spa  a372272 a(OCoLC)819777804 ccomduadb aspa10aHernandez M., Jorge Eduardo4auteaut10aSimulador de sonido estereo aCircuitos electrónicos aSistemas de sonido estereofonico0 tElectrónica & Computadores (Pereira)gNo. 043, Jul. 1998, p. 4-8w939353x0121-91380361486